| 000 -LEADER |
| fixed length control field |
00671nam a22002177a 4500 |
| 001 - CONTROL NUMBER |
| control field |
15832 |
| 003 - CONTROL NUMBER IDENTIFIER |
| control field |
BD-DhUAP |
| 005 - DATE AND TIME OF LATEST TRANSACTION |
| control field |
20200219095011.0 |
| 008 - FIXED-LENGTH DATA ELEMENTS--GENERAL INFORMATION |
| fixed length control field |
200206s2010 bg ||||| |||| 00| 0 eng d |
| 020 ## - INTERNATIONAL STANDARD BOOK NUMBER |
| International Standard Book Number |
97898489360411 |
| 040 ## - CATALOGING SOURCE |
| Original cataloging agency |
BD-DhUAP |
| Language of cataloging |
Eng |
| Transcribing agency |
BD-DhUAP |
| Modifying agency |
BD-DhUAP |
| 082 ## - DEWEY DECIMAL CLASSIFICATION NUMBER |
| Edition number |
23 |
| Classification number |
345.54920502632 HOS |
| 100 ## - MAIN ENTRY--PERSONAL NAME |
| Personal name |
Hossain, Belayet. |
| 245 ## - TITLE STATEMENT |
| Title |
The code of criminal procedure 1898 / |
| Statement of responsibility, etc. |
Belayet Hossain, Mir Shamsur Rahman and A. B. Arup. |
| 260 ## - PUBLICATION, DISTRIBUTION, ETC. |
| Place of publication, distribution, etc. |
Dhaka : |
| Name of publisher, distributor, etc. |
Hira publications, |
| Date of publication, distribution, etc. |
c2011. |
| 300 ## - PHYSICAL DESCRIPTION |
| Extent |
(39),1048 pages ; |
| Dimensions |
23 cm. |
| 650 ## - SUBJECT ADDED ENTRY--TOPICAL TERM |
| Topical term or geographic name entry element |
Criminal procedure |
| Geographic subdivision |
Bangladesh. |
| 700 ## - ADDED ENTRY--PERSONAL NAME |
| Personal name |
Rahman, Mir Shamsur. |
| 700 ## - ADDED ENTRY--PERSONAL NAME |
| Personal name |
Arup, A. B. |
| 942 ## - ADDED ENTRY ELEMENTS (KOHA) |
| Source of classification or shelving scheme |
|
| Koha item type |
Book |